| 000 | 00860nam a2200265 i 4500 | ||
|---|---|---|---|
| 003 | DO-SdBNP | ||
| 005 | 20250314093842.0 | ||
| 007 | ta | ||
| 008 | 250314s199u dr 000 0 spa d | ||
| 040 |
_aDO-SdBNP _bspa _cBNPHU _erda |
||
| 082 |
_axxx _bR426L _222 |
||
| 110 |
_aRepública Dominicana _9447 |
||
| 240 | 1 | 0 | _a[leyes,etc.] |
| 245 | 1 | 0 |
_aLey No. 223 sobre perdón condicional de la pena : _bley No. 224 sobre regimen penitenciario / |
| 264 | 1 |
_aSanto Domingo : _bEditora Tavarez, _c[199-]. |
|
| 300 |
_a30 páginas _c21 cm. |
||
| 336 |
_atexto _btxt _2rdacontent |
||
| 337 |
_asin mediación _bn _2rdamedia |
||
| 338 |
_avolumen _bnc _2rdacarrier |
||
| 500 | _aLey No. 223 del 26 junio de 1984 G. O. 9640. | ||
| 500 | _aLey No. 224 del 26 junio de 1984 G. O. 9640. | ||
| 590 | _aInventariado, 2025/ YL | ||
| 910 | _aYLockward | ||
| 942 |
_2ddc _cLF2 |
||
| 999 |
_c58424 _d58424 |
||